<?xml version='1.0' encoding='UTF-8'?>
  <record xmlns="http://www.loc.gov/MARC21/slim">
    <leader>00000cam a22000007i 4500</leader>
    <controlfield tag="001">ocm69384544</controlfield>
    <controlfield tag="003">OCoLC</controlfield>
    <controlfield tag="005">20250125180004.1</controlfield>
    <controlfield tag="008">940915s1585    gw            000 0 lat d</controlfield>
    <datafield tag="040" ind1=" " ind2=" ">
      <subfield code="a">NLGGC</subfield>
      <subfield code="b">dut</subfield>
      <subfield code="e">fobidrtb</subfield>
      <subfield code="c">NLGGC</subfield>
      <subfield code="d">QGJ</subfield>
      <subfield code="d">OCLCL</subfield>
      <subfield code="d">OCLCQ</subfield>
    </datafield>
    <datafield tag="029" ind1="0" ind2=" ">
      <subfield code="a">NLGGC</subfield>
      <subfield code="b">122666445</subfield>
    </datafield>
    <datafield tag="035" ind1=" " ind2=" ">
      <subfield code="a">(OCoLC)69384544</subfield>
    </datafield>
    <datafield tag="041" ind1="1" ind2=" ">
      <subfield code="a">lat</subfield>
      <subfield code="h">ger</subfield>
    </datafield>
    <datafield tag="245" ind1="0" ind2="0">
      <subfield code="a">Catechesis siue brevis institvtio christianæ doctrinæ qvo modo illa in ecclesijs &amp; scholis Palatinatus tum electoralis tum ducalis traditur, :</subfield>
      <subfield code="b">vnà cum ceremonijs ecclesiasticis ... Item. ; Responsio ad quorundam theologorum censuram de testimoniis ex sacris litteris adductis et in margine catecheseos Heydelbergensis notatis ; Responsio &amp; quaestiones sex de coena interrogationibus oppositae ; Articuli in quibus Evangelicae ecclesiae de negotio coena consentiunt vel dissentiunt /</subfield>
      <subfield code="c">Conscripti à D. Zacharia Vrsino.</subfield>
    </datafield>
    <datafield tag="246" ind1="3" ind2=" ">
      <subfield code="a">Catechesis sive brevis institutio christianæ doctrinæ quo modo illa in ecclesiis &amp; scholis Palatinatus tum electoralis tum ducalis traditur</subfield>
    </datafield>
    <datafield tag="246" ind1="3" ind2=" ">
      <subfield code="a">Catechesis</subfield>
    </datafield>
    <datafield tag="246" ind1="3" ind2=" ">
      <subfield code="a">Brevis institutio christianæ doctrinæ quo modo illa in ecclesijs &amp; scholis Palatinatus tum electoralis tum ducalis traditur</subfield>
    </datafield>
    <datafield tag="260" ind1=" " ind2=" ">
      <subfield code="a">[S.l.] :</subfield>
      <subfield code="b">Typis Matthæi Harnisch,</subfield>
      <subfield code="c">[1585]</subfield>
      <subfield code="e">(Neostadii in Palatinatu, excudebat Matthæus Harnisch)</subfield>
    </datafield>
    <datafield tag="300" ind1=" " ind2=" ">
      <subfield code="a">[2], 420, [8] p. ;</subfield>
      <subfield code="c">in-8.</subfield>
    </datafield>
    <datafield tag="336" ind1=" " ind2=" ">
      <subfield code="a">tekst</subfield>
      <subfield code="b">txt</subfield>
      <subfield code="2">rdacontent/dut</subfield>
    </datafield>
    <datafield tag="337" ind1=" " ind2=" ">
      <subfield code="a">zonder medium</subfield>
      <subfield code="b">n</subfield>
      <subfield code="2">rdamedia/dut</subfield>
    </datafield>
    <datafield tag="338" ind1=" " ind2=" ">
      <subfield code="a">band</subfield>
      <subfield code="b">nc</subfield>
      <subfield code="2">rdacarrier/dut</subfield>
    </datafield>
    <datafield tag="500" ind1=" " ind2=" ">
      <subfield code="a">A-3D 8  (-3D8, blanco?).</subfield>
    </datafield>
    <datafield tag="500" ind1=" " ind2=" ">
      <subfield code="a">Jaartaal ontleend aan het colofon.</subfield>
    </datafield>
    <datafield tag="500" ind1=" " ind2=" ">
      <subfield code="a">Colofon: Neostadii in Palatinatu, excudebat Matthæus Harnisch. Anno M.D.LXXXVI.</subfield>
    </datafield>
    <datafield tag="500" ind1=" " ind2=" ">
      <subfield code="a">Geschreven in opdracht van Frederik III keurvorst van de Palts.</subfield>
    </datafield>
    <datafield tag="500" ind1=" " ind2=" ">
      <subfield code="a">De Responsio ad quorundam theologorum censuram met eigen titelp., maar met doorlopende paginering en katernsignering o.d.t.: Zachariae Ursini ... Ad theologorum quorundam de Sacrae Scripturae testimoniis, in margine Heidelbergensis Catechismi allegatis, censuram.</subfield>
    </datafield>
    <datafield tag="510" ind1="4" ind2=" ">
      <subfield code="a">Verzeichnis der im deutschen Sprachbereich erschienenen Drucke des 16. Jahrhunderts (VD 16),</subfield>
      <subfield code="c">P 2186</subfield>
    </datafield>
    <datafield tag="510" ind1="4" ind2=" ">
      <subfield code="a">Verzeichnis der im deutschen Sprachbereich erschienenen Drucke des 16. Jahrhunderts (VD 16),</subfield>
      <subfield code="c">U 297</subfield>
    </datafield>
    <datafield tag="700" ind1="1" ind2=" ">
      <subfield code="a">Ursinus, Zacharias,</subfield>
      <subfield code="d">1534-1583.</subfield>
      <subfield code="1">https://id.oclc.org/worldcat/entity/E39PBJpJgCbR3pB7PCM7Wv89jC</subfield>
    </datafield>
    <datafield tag="700" ind1="0" ind2=" ">
      <subfield code="a">Frederik</subfield>
      <subfield code="b">III,</subfield>
      <subfield code="c">keurvorst van de Palts,</subfield>
      <subfield code="d">1515-1576.</subfield>
      <subfield code="4">aui</subfield>
    </datafield>
    <datafield tag="710" ind1="0" ind2=" ">
      <subfield code="a">Harnisch, Matthäus (Neustadt a.d. Haardt)</subfield>
      <subfield code="4">prt</subfield>
      <subfield code="0">(NL-LeOCL)077155084</subfield>
    </datafield>
    <datafield tag="740" ind1="0" ind2=" ">
      <subfield code="a">Responsio ad quorundam theologorum censuram de testimoniis ex sacris litteris adductis et in margine catecheseos Heydelbergensis notatis</subfield>
    </datafield>
    <datafield tag="740" ind1="0" ind2=" ">
      <subfield code="a">Responsio &amp; quaestiones sex de coena interrogationibus oppositae</subfield>
    </datafield>
    <datafield tag="740" ind1="0" ind2=" ">
      <subfield code="a">Articuli in quibus Evangelicae ecclesiae de negotio coena consentiunt vel dissentiunt</subfield>
    </datafield>
    <datafield tag="936" ind1=" " ind2=" ">
      <subfield code="a">BATCHLOAD</subfield>
    </datafield>
  </record>